000 01234nam0a2200301 4500
001 RU\NLR\bibl\1818717
005 20250616160013.0
010 _a978-5-91258-137-3
_9500
021 _aRU
_b2011-70230
_94976
035 _a(NLR Aleph) 001809285
090 _a1848354
_c1848354
100 _a20111010d2011 |||y0rusy50 ca
101 0 _arus
102 _aRU
105 _ay |||||||||
200 1 _aГлот и Горт
_eдрамы
_fТим Чигирин
210 _aСанкт-Петербург
_cКоста
_d2011
215 _a219 с.
_d19
327 0 _aСодерж.: Глот и Горт : диптих; Ахилл, не грусти о Брисеиде!; Четыре стороны света; Улитка готовится умереть: триптих; Кровь винограда; Пармен или Парменид?; Клюв и сердце; Там и здесь; Это лучезарное будущее: диптих; Зонтичный театр [и др.]
686 _aШ6(2=Р)8-62
700 1 _aЧигирин
_bТ.
_gТим
_4070
801 0 _aRU
_bNLR
_c20111010
_gRCR
801 1 _aRU
_bNLR
_c20111010
942 _cBOOK
980 _aNB
980 _aNBR